| 000 | 01275nam a2200229Ia 4500 | ||
|---|---|---|---|
| 003 | Ost | ||
| 005 | 20260507074857.0 | ||
| 008 | 260507s9999||||xx |||||||||||||| ||und|| | ||
| 040 | _cfsecg | ||
| 041 | _aara | ||
| 082 | _a658.403 | ||
| 100 |
_aخليفة، عبد العزيز عبد المنعم _eمؤلف |
||
| 245 | 0 |
_aالقرارات الإدارية / _c عبد العزيز عبد المنعم خليفة |
|
| 260 |
_aالقاهرة: _bدار محمود للنشر والتوزيع, _c2007 |
||
| 300 |
_a387 صفحة؛ _bإيضاحات ؛ _c23 سم |
||
| 504 | _aبيبليوغرافيا: ص.373 | ||
| 520 | _aيضم ماهية وأركان القرار الاداري، ماهية القرار الاداري، شروط صحة القرار الاداري، أنواع القرارات الادارية، القرارات الادارية من حيث آثارها، القرارات الادارية من حيث الخضوع لرقابة القضاء، تنفيذ القرار الاداري وانقضاءة: نفاذ وتنفيذ ووقف تنفيد القرار الاداري، نهاية القرار الاداري | ||
| 653 | _aإتخاذ القرارات- الإدارة | ||
| 653 | _aالادارة | ||
| 653 | _aالرقابة | ||
| 942 | _cكتاب | ||
| 999 |
_c41625 _d41625 |
||